MARC details
| 000 -CABECERA |
| campo de control de longitud fija |
01305nam a2200313 i 4500 |
| 003 - IDENTIFICADOR DEL NÚMERO DE CONTROL |
| campo de control |
DO-SdBNP |
| 005 - FECHA Y HORA DE LA ÚLTIMA TRANSACCIÓN |
| campo de control |
20260531015055.0 |
| 007 - CAMPO FIJO DE DESCRIPCIÓN FÍSICA--INFORMACIÓN GENERAL |
| campo de control de longitud fija |
ta |
| 008 - DATOS DE LONGITUD FIJA--INFORMACIÓN GENERAL |
| campo de control de longitud fija |
150806s1974 aco 000 spa d |
| 040 ## - FUENTE DE LA CATALOGACIÓN |
| Centro catalogador/agencia de origen |
DO-SdBNP |
| Lengua de catalogación |
spa |
| Centro/agencia transcriptor |
BNPHU |
| Normas de descripción |
rda |
| 041 ## - CÓDIGO DE LENGUA |
| Código de lengua del texto/banda sonora o título independiente |
spa |
| 082 #4 - NÚMERO DE LA CLASIFICACIÓN DECIMAL DEWEY |
| Número de clasificación |
726.64097293 |
| Número de documento/Ítem |
A367c |
| Número de edición |
23 |
| 100 1# - ENTRADA PRINCIPAL--NOMBRE DE PERSONA |
| Nombre de persona |
Alemar, Luis Emilio, |
| 9 (RLIN) |
10324 |
| Fechas asociadas al nombre |
1883-1945 |
| Término indicativo de función/relación |
autor |
| Código de función/relación |
aut. |
| 245 13 - MENCIÓN DE TÍTULO |
| Título |
La catedral de Santo Domingo : |
| Mención de responsabilidad, etc. |
Luis E. Alemar ; prólogo, Juan T. Tavares K. |
| Resto del título |
descripción histórico - artístico arqueológica de este portentoso templo, primada de las indias / |
| 250 ## - MENCIÓN DE EDICIÓN |
| Mención de edición |
Primera edición |
| 264 ## - PRODUCCIÓN, PUBLICACIÓN, DISTRIBUCIÓN, FABRICACIÓN Y COPYRIGHT |
| Producción, publicación, distribución, fabricación y copyright |
Santo Domingo, Repúbllica Dominicana : |
| Nombre del de productor, editor, distribuidor, fabricante |
Editora De Santo Domingo, S.A , |
| Fecha de producción, publicación, distribución, fabricación o copyright |
1974 |
| 300 ## - DESCRIPCIÓN FÍSICA |
| Extensión |
106 páginas : |
| Otras características físicas |
ilustraciones, retratos, fotos ; |
| Dimensiones |
24 cm |
| 336 ## - TIPO DE CONTENIDO |
| Fuente |
rdacontent |
| Término de tipo de contenido |
texto |
| Código de tipo de contenido |
txt |
| 337 ## - TIPO DE MEDIO |
| Fuente |
rdamedia |
| Nombre/término del tipo de medio |
sin mediación |
| Código del tipo de medio |
n |
| 338 ## - TIPO DE SOPORTE |
| Fuente |
rdacarrier |
| Nombre/término del tipo de soporte |
volumen |
| Código del tipo de soporte |
nc |
| 500 ## - NOTA GENERAL |
| Nota general |
Incluye referencias bibliográficas y notas a pie de las paginas. |
| 590 ## - NOTA LOCAL (RLIN) |
| Nota local |
Inventariado, 2022/ YL |
| 610 20 - PUNTO DE ACCESO ADICIONAL DE MATERIA--NOMBRE DE ENTIDAD CORPORATIVA |
| Nombre de entidad corporativa o nombre de jurisdicción como elemento de entrada |
Catedral de Santo Domingo (República Dominicana) |
| 9 (RLIN) |
87444 |
| Subdivisión general |
Historia |
| 650 #7 - PUNTO DE ACCESO ADICIONAL DE MATERIA--TÉRMINO DE MATERIA |
| Término de materia o nombre geográfico como elemento de entrada |
Catedrales |
| Subdivisión general |
Santo Domingo |
| Subdivisión geográfica |
República Dominicana |
| 9 (RLIN) |
86784 |
| Fuente del encabezamiento o término |
lemb |
| 650 #7 - PUNTO DE ACCESO ADICIONAL DE MATERIA--TÉRMINO DE MATERIA |
| Término de materia o nombre geográfico como elemento de entrada |
lemb |
| Subdivisión general |
Arquitectura colonial |
| 9 (RLIN) |
89812 |
| 700 1# - PUNTO DE ACCESO ADICIONAL--NOMBRE DE PERSONA |
| Nombre de persona |
Tavares K., Juan T., |
| Término indicativo de función/relación |
prólogo |
| 9 (RLIN) |
82997 |
| 910 ## - DATOS DE OPCIÓN DEL USUARIO (OCLC) |
| Datos de opción del usuario |
YLockward |
| 942 ## - ELEMENTOS DE PUNTO DE ACCESO ADICIONAL (KOHA) |
| Fuente del sistema de clasificación o colocación |
Dewey Decimal Classification |
| Tipo de ítem Koha |
Libro |